Sayings About Animals #2 - Statistics

General Stats
  • This quiz has been taken 85,558 times
  • The average score is 14 of 20
Answer Stats
Cliche % Correct
When {pigs} fly
97%
Kill two {birds} with one stone
96%
It's a {dog} eat {dog} world
94%
A big {fish} in a small pond
92%
A wolf in {sheep}'s clothing
87%
The birds and the {bees}. (Facts of life)
87%
Wise as an {owl}
87%
The {cat}'s pajamas
85%
An {elephant} never forgets
84%
Don't look a gift {horse} in the mouth
82%
The world is my {oyster}
77%
The best laid plans of {mice} and men
75%
Quit cold {turkey}
66%
Fun as a barrel of {monkeys}
61%
The {canary} in the coal mine
53%
Like {rats} abandoning a sinking ship
51%
The {chickens} coming home to roost
44%
Have a {tiger} by the tail
41%
Vain as a {peacock}
36%
All hat, no {cattle}
9%
No matching quizzes found
Score Distribution
Percent of People with Each Score
Percentile by Number Answered
Your Score History
You have not taken this quiz